000 00516nam a22001937a 4500
005 20240123151702.0
010 _aENG-138935
020 _c149.00
035 _aEN-122467
037 _bDBAD/PUB
082 _a000
100 _aGURPREET SINGH
_961197
245 _a CUET /
260 _aNew Delhi
_bEducational Publishers
_c2022
270 _a4583/15,Daryaganj, New Delhi-110002
300 _a112 p.
_c29 cm(pbk)
710 _aRoma Chatterjee
_eEditor
_959600
942 _2ddc
_cEN
_h000
_mCUE
999 _c200212
_d200212